Los 15 países con mayor inmigración chilena - Estadísticas

Estadísticas generales
  • Esta prueba ha sido intentada 126 veces
  • La puntuación promedio es 13 de 15
Estadísticas de respuestas
Top N° de emigrantes
chilenos
Respuesta % Correcto
215.198 Argentina
99%
89.714 Estados Unidos
98%
61.798 España
97%
19.596 Brasil
96%
10° 16.473 Francia
95%
17.615 Perú
94%
17.686 Alemania
93%
28.757 Canadá
88%
12° 12.721 Italia
86%
14° 8.063 Reino Unido
84%
34.316 Australia
80%
11° 14.390 Venezuela
80%
13° 11.859 Ecuador
76%
28.709 Suecia
71%
15° 7.622 Suiza
62%
No se encontraron pruebas coincidentes
Distribución de puntuación
Porcentaje de gente con cada puntuación
Porcentaje por número respondido
Historial de tus puntuaciones
No has intentado esta prueba.